000 00531nam a2200181Ia 4500
008 090124s9999 xx 000 0 und d
082 _b112439
100 _aधर्माधिकारी भाऊ
245 _a महा अमात्य
250 _a1
260 _c1967
300 _a100
600 _aधर्माधिकारी भाऊ
630 _a महा अमात्य
700 _aधर्माधिकारी भाऊ
730 _a महा अमात्य
942 _cBOOK
999 _c158530
_d158530